| 000 | 00781cam a22002653a 4500 | ||
|---|---|---|---|
| 001 | 10621 | ||
| 003 | PGUSA | ||
| 005 | 20140828083227.0 | ||
| 008 | 040101s2004||||xxu|||||s|||||000 1 eng d | ||
| 040 |
_aPGUSA _beng |
||
| 042 | _adc | ||
| 050 | 4 | _aPS | |
| 100 | 1 |
_aStribling, T. S. _q(Thomas Sigismund), _d1881-1965 |
|
| 245 | 1 | 0 |
_aBirthright : _bA Novel _h[electronic resource] / _cT. S. Stribling |
| 260 |
_bProject Gutenberg, _c2004 |
||
| 506 | _aPublic domain in the USA. | ||
| 516 | _aElectronic text | ||
| 653 | _aRace relations -- Fiction | ||
| 653 | _aSouthern States -- Fiction | ||
| 653 | _aTennessee -- Fiction | ||
| 653 | _aAfrican Americans -- Fiction | ||
| 830 | 0 |
_aProject Gutenberg _v10621 |
|
| 856 | 4 | 0 | _uhttp://www.gutenberg.org/ebooks/10621 |
| 942 | _cEB | ||
| 999 |
_c239876 _d239876 |
||